| 000 | 00889nam a2200241 i 4500 | ||
|---|---|---|---|
| 001 | 45696 | ||
| 003 | ES-MaACL | ||
| 005 | 20250910212614.0 | ||
| 007 | t| | ||
| 008 | 030326s1974 sp ||||1| spa d | ||
| 100 | 1 |
_aComín, Alfonso C. _940007 |
|
| 245 | 1 | 0 |
_aJuventud obrera y conciencia de clase _b: el proceso inmigratorio y su función innovadora en la sociedad catalana / _cAlfonso C. Comín, Juan N. García-Nieto. |
| 260 |
_aMadrid : _bCuadernos para el Diálogo, _c1974. |
||
| 300 |
_a224 p. ; _c21 cm. |
||
| 490 | 1 | _aColección I.T.S. | |
| 650 | 4 |
_aConciencia de clase- _zCataluña. _9171753 |
|
| 650 | 4 |
_aMigración interior- _zEspaña. _9143461 |
|
| 700 | 1 |
_aGarcía-Nieto, Joan N. _955028 |
|
| 710 | 2 |
_aCuadernos para el Diálogo. _93333 |
|
| 830 | 1 |
_aColección I.T.S. [Instituto de Técnicas Sociales] _9179830 |
|
| 852 |
_aES-MaACL _jE-7318 |
||
| 999 |
_c45696 _d45696 |
||